| 000 | 00946nam a2200157Ia 4500 | ||
|---|---|---|---|
| 005 | 20251208083904.0 | ||
| 008 | 251208s9999 xx 000 0 und d | ||
| 100 | _aசொக்கப்பா, தி. வை. - cokkappā, ti. vai. | ||
| 245 | 0 | _aஅரபு மக்களின் வரலாறு - arapu makkaḷiṉ varalāṟu 1 (பட்டப் படிப்பிற்குரியது) திருத்தப்பட்ட பாடத்திட்டத்தின்படி வெளியிடப்படுகின்றது. ஆசிரியர் தி. வை.சொக்கப்பா. | |
| 246 | _aHistory of the Arabs | ||
| 250 | _aமுதல் பதிப்பு | ||
| 260 |
_aசென்னை : _bதமிழ்நாட்டுப் பாடநூல் நிறுவனம், _c1977 |
||
| 300 | _a160 p., [1] leaf of plate | ||
| 650 | _aவரலாறு | ||
| 942 | _cREF | ||
| 999 |
_c601558 _d601558 |
||